| 000 | 00691nam a2200229Ia 4500 | ||
|---|---|---|---|
| 003 | OSt | ||
| 005 | 20220926021004.0 | ||
| 006 | a|||||r|||| 00| 0 | ||
| 007 | ta | ||
| 008 | 220923b |||||||| |||| 00| 0 eng d | ||
| 037 | _cGeneral Book | ||
| 040 |
_aRTL _cRTL _beng |
||
| 041 |
_2eng _aeng |
||
| 082 | _aX:(B), N7 | ||
| 100 |
_aDorfman Jeffrey H _9325527 |
||
| 245 | 0 |
_aBayesian economics through numerical methods _b A g |
|
| 260 |
_aNew York _bSpringer-Verlag USA _c1997 |
||
| 300 |
_avii,110p Bibliography chapeterwise and p 97-107 _ccm. |
||
| 650 | _aMathametical Economics | ||
| 942 |
_hX:(B), N7 _cGB _2CC |
||
| 999 |
_c635390 _d635390 |
||